00465pab a2200157 454500008004000000100001700040245006900057260000900126300001400135362000800149650003000157650003000187650004000217650002400257773002600281180718b2012 xxu||||| |||| 00| 0 eng d aSloam, James aRejuvenating democracy? Young people and the big society project c2012 ap.90-114. aJan aElections - Great Britain aDemocracy - Great Britain aYouth participation - Great Britain aYouth participation aParliamentary Affairs